Применение ГИС-технологий в оценке и прогнозировании паводоковой обстановки на реке Иртыш в Восточно-Казахстанской области Республики Казахстан; Информационные технологии (IT) в контроле, управлении качеством и безопасности
| Parent link: | Информационные технологии (IT) в контроле, управлении качеством и безопасности.— 2019.— [С. 39-43] |
|---|---|
| المؤلف الرئيسي: | |
| مؤلف مشترك: | |
| الملخص: | Заглавие с экрана Паводки являются наиболее часто встречающимся явлением в нашей стране. В данной работе представлена оценка и прогнозирование затопления в период весеннего паводка и приводятся результаты исследования прогноза на территории Бескарагайского района, ВКО, Республики Казахстан. Floods are the most common phenomenon in our country. This work represents the assessment and forecasting of flooding during the spring flood and presents the results of the study of the forecast on the territory of Beskaragay district, East Kazakhstan region, the Republic of Kazakhstan. |
| اللغة: | الروسية |
| منشور في: |
2019
|
| الموضوعات: | |
| الوصول للمادة أونلاين: | http://earchive.tpu.ru/handle/11683/57611 |
| التنسيق: | الكتروني فصل الكتاب |
| KOHA link: | https://koha.lib.tpu.ru/cgi-bin/koha/opac-detail.pl?biblionumber=630772 |
MARC
| LEADER | 00000naa2a2200000 4500 | ||
|---|---|---|---|
| 001 | 630772 | ||
| 005 | 20231102024502.0 | ||
| 035 | |a (RuTPU)RU\TPU\conf\32271 | ||
| 035 | |a RU\TPU\conf\32268 | ||
| 090 | |a 630772 | ||
| 100 | |a 20200122d2019 k y0rusy50 ca | ||
| 101 | 0 | |a rus | |
| 102 | |a RU | ||
| 105 | |a y z 101zy | ||
| 135 | |a drcn ---uucaa | ||
| 181 | 0 | |a i | |
| 182 | 0 | |a b | |
| 200 | 1 | |a Применение ГИС-технологий в оценке и прогнозировании паводоковой обстановки на реке Иртыш в Восточно-Казахстанской области Республики Казахстан |d Evaluation and forecasting of a flooding situation on the Irtysh River in the Beskaragay district of the east Kazakhstan region of the republic of Kazakhstan |f Д. Е. Бектенов | |
| 203 | |a Текст |c электронный | ||
| 230 | |a 1 компьютерный файл (pdf; 1 346 Кб) | ||
| 300 | |a Заглавие с экрана | ||
| 320 | |a [Библиогр.: с. 43 (3 назв.)] | ||
| 330 | |a Паводки являются наиболее часто встречающимся явлением в нашей стране. В данной работе представлена оценка и прогнозирование затопления в период весеннего паводка и приводятся результаты исследования прогноза на территории Бескарагайского района, ВКО, Республики Казахстан. | ||
| 330 | |a Floods are the most common phenomenon in our country. This work represents the assessment and forecasting of flooding during the spring flood and presents the results of the study of the forecast on the territory of Beskaragay district, East Kazakhstan region, the Republic of Kazakhstan. | ||
| 463 | 0 | |0 (RuTPU)RU\TPU\conf\32128 |t Информационные технологии (IT) в контроле, управлении качеством и безопасности |o сборник научных трудов VIII Международной конференции школьников, студентов, аспирантов, молодых ученых "Ресурсоэффективные системы в управлении и контроле: взгляд в будущее", 7 -12 октября 2019 г., г. Томск |f Национальный исследовательский Томский политехнический университет (ТПУ) |v [С. 39-43] |d 2019 | |
| 510 | 1 | |a Evaluation and forecasting of a flooding situation on the Irtysh River in the Beskaragay district of the east Kazakhstan region of the republic of Kazakhstan |z eng | |
| 610 | 1 | |a электронный ресурс | |
| 610 | 1 | |a труды учёных ТПУ | |
| 610 | 1 | |a паводки | |
| 610 | 1 | |a наводнения | |
| 610 | 1 | |a реки | |
| 610 | 1 | |a река Иртыш | |
| 610 | 1 | |a чрезвычайные ситуации | |
| 610 | 1 | |a Казахстан | |
| 610 | 1 | |a floods | |
| 610 | 1 | |a emergency | |
| 610 | 1 | |a Beskaragai district | |
| 610 | 1 | |a forces | |
| 610 | 1 | |a means | |
| 700 | 1 | |a Бектенов |b Д. Е. |g Диас Елеубекулы | |
| 712 | 0 | 2 | |a Национальный исследовательский Томский политехнический университет |c (2009- ) |2 stltpush |3 (RuTPU)RU\TPU\col\15902 |9 26305 |
| 801 | 2 | |a RU |b 63413507 |c 20200128 |g RCR | |
| 856 | 4 | |u http://earchive.tpu.ru/handle/11683/57611 | |
| 942 | |c BK | ||